| 000 | 01189nam a22003257a 4500 | ||
|---|---|---|---|
| 003 | URS | ||
| 005 | 20251022101025.0 | ||
| 008 | 251022b |||||||| |||| 00| 0 eng d | ||
| 020 | _a978-621-409-313-7 | ||
| 040 |
_bEnglish _cURS _erda |
||
| 050 |
_aQ175.5 _b.Sci27a 2025 |
||
| 245 |
_aScience, technology and society / _cMicah D. Abad...[and seven others]. |
||
| 264 |
_aMandaluyong City : _bBooks Atbp., Publishing Corporation, _c©2025. |
||
| 300 |
_aix, 205 pages : _billustrations ; _c28 cm. |
||
| 336 |
_2rdacontent _atext _btxt |
||
| 337 |
_2rdamedia _aunmediated _bn |
||
| 338 |
_2rdacarrier _avolume _bnc |
||
| 504 | _aIncludes bibliographical references. | ||
| 650 | 0 |
_aScience _xSocial aspects. |
|
| 650 | 0 |
_aTechnology _xSocial aspects. |
|
| 700 |
_aAbad, Micah D., _eauthor. _96558 |
||
| 700 |
_aArpia, Christine C., _eauthor. _96559 |
||
| 700 |
_aGonzales, Flordeliza U., _eauthor. _96560 |
||
| 700 |
_aGuinhin, Christopher Kevin M., _eauthor. _96561 |
||
| 700 |
_aIlagan, Sheila Marie B., _eauthor. _96562 |
||
| 700 |
_aLorilla, Adela A., _eauthor. _96563 |
||
| 700 |
_aMarquez, Ramil M., _eauthor. _96564 |
||
| 700 |
_aRamirez, Mary Rose B., _eauthor. _96565 |
||
| 942 |
_2lcc _cF |
||
| 999 |
_c87419 _d87416 |
||